| 000 | 00586nam a22002177a 4500 | ||
|---|---|---|---|
| 003 | OSt | ||
| 005 | 20220107122839.0 | ||
| 008 | 180526b xxu||||| |||| 00| 0 eng d | ||
| 020 | _a9780262529907 | ||
| 040 | _cIIITMK | ||
| 082 | _a346.0482 STR/C | ||
| 100 |
_aStrong, William S. _914088 |
||
| 245 |
_aThe copyright book: _bA practical guide _cWilliam S. Strong |
||
| 250 | _a6 | ||
| 260 |
_aLondon, _bMIT Press, _c2014. |
||
| 300 | _ax, 481p. | ||
| 650 |
_aCOPYRIGHT _914089 |
||
| 650 |
_aINTELLECTUAL PROPERTY RIGHTS _914090 |
||
| 650 |
_aUS COPYRIGHT LAW _914405 |
||
| 942 |
_2ddc _cBK |
||
| 999 |
_c6069 _d6069 |
||